| 000 | 00355nam a22001457a 4500 | ||
|---|---|---|---|
| 003 | OSt | ||
| 008 | 241223b |||||||| |||| 00| 0 eng d | ||
| 020 | _a9788120347786 | ||
| 082 |
_a621.47 _bEAR/WI |
||
| 100 |
_aEarnest Joshua _9319 |
||
| 245 | _aWind Power Technology | ||
| 260 |
_aDelhi _bPHI Learing private Limited _c2014 |
||
| 300 | _a458 | ||
| 942 | _cBK | ||
| 999 |
_c14245 _d14245 |
||